<?xml version="1.0" encoding="UTF-8"?>
<collection xmlns="http://www.loc.gov/MARC21/slim">
    <record>
        <controlfield tag="001">31475</controlfield>
        <controlfield tag="005">20150429091800.0</controlfield>
        <datafield tag="037" ind1=" " ind2=" ">
            <subfield code="a">TAZ-TFG-2014-2498</subfield>
        </datafield>
        <datafield tag="041" ind1=" " ind2=" ">
            <subfield code="a">spa</subfield>
        </datafield>
        <datafield tag="100" ind1="1" ind2=" ">
            <subfield code="a">Sánchez Recuero, Adrián</subfield>
        </datafield>
        <datafield tag="245" ind1="0" ind2="0">
            <subfield code="a">Integración de tecnologías de medida de actividad fisiológica y de EEG en los productos NeuroLab, usenns y BrainUp</subfield>
        </datafield>
        <datafield tag="260" ind1=" " ind2=" ">
            <subfield code="a">Zaragoza</subfield>
            <subfield code="b">Universidad de Zaragoza</subfield>
            <subfield code="c">2014</subfield>
        </datafield>
        <datafield tag="500" ind1=" " ind2=" ">
            <subfield code="a">Con la colaboración de la empresa BitBrain</subfield>
        </datafield>
        <datafield tag="506" ind1=" " ind2=" ">
            <subfield code="a">by-nc-sa</subfield>
            <subfield code="b">Creative Commons</subfield>
            <subfield code="c">3.0</subfield>
            <subfield code="u">http://creativecommons.org/licenses/by-nc-sa/3.0/</subfield>
        </datafield>
        <datafield tag="520" ind1=" " ind2=" ">
            <subfield code="a">La empresa BitBrain Technologies es una empresa de nuerociencia y neurotecnología centrada actualmente en el desarrollo de una tecnología propia de neuromarketing. El trabajo presentado en este documento se encuentra dentro de este marco, en el cual se ha realizado la integración de los diversos dispositivos hardware inalámbricos (utilizando WIFI y Bluetooth) desarrollados en BitBrain con toda la arquitectura software de tiempo real existente en la empresa. Para ello se ha construido una arquitectura software que abstrae a los desarrolladores del bajo nivel de las comunicaciones y que permite una escalabilidad y mantenimiento sencillos, además de desarrollar el firmware que irá embebido en los dispositivos. A nivel metodológico global, se ha trabajado dentro de la metodología scrum implementada en la empresa, siguiendo un proceso de integración continua, realizando pruebas unitarias de cada parte desarrollada y pruebas de integración en las fases finales del proyecto.</subfield>
        </datafield>
        <datafield tag="521" ind1=" " ind2=" ">
            <subfield code="a">Graduado en Ingeniería Informática</subfield>
        </datafield>
        <datafield tag="540" ind1=" " ind2=" ">
            <subfield code="a">Derechos regulados por licencia Creative Commons</subfield>
        </datafield>
        <datafield tag="653" ind1="1" ind2=" ">
            <subfield code="a">software</subfield>
        </datafield>
        <datafield tag="653" ind1="1" ind2=" ">
            <subfield code="a">hardware</subfield>
        </datafield>
        <datafield tag="653" ind1="1" ind2=" ">
            <subfield code="a">tiempo real</subfield>
        </datafield>
        <datafield tag="653" ind1="1" ind2=" ">
            <subfield code="a">qt</subfield>
        </datafield>
        <datafield tag="653" ind1="1" ind2=" ">
            <subfield code="a">wifi</subfield>
        </datafield>
        <datafield tag="653" ind1="1" ind2=" ">
            <subfield code="a">bluetooth</subfield>
        </datafield>
        <datafield tag="700" ind1=" " ind2=" ">
            <subfield code="a">Mínguez Zafra, Javier</subfield>
            <subfield code="e">dir.</subfield>
        </datafield>
        <datafield tag="710" ind1="2" ind2=" ">
            <subfield code="a">Universidad de Zaragoza</subfield>
            <subfield code="b">Informática e Ingeniería de Sistemas</subfield>
            <subfield code="c">Lenguajes y Sistemas Informáticos</subfield>
        </datafield>
        <datafield tag="720" ind1="2" ind2=" ">
            <subfield code="a">Montesano del Campo, Luis</subfield>
            <subfield code="e">ponente</subfield>
        </datafield>
        <datafield tag="856" ind1="0" ind2=" ">
            <subfield code="f">613300@celes.unizar.es</subfield>
        </datafield>
        <datafield tag="856" ind1="4" ind2=" ">
            <subfield code="s">862424</subfield>
            <subfield code="u">http://zaguan.unizar.es/record/31475/files/TAZ-TFG-2014-2498.pdf</subfield>
            <subfield code="y">Memoria (spa)</subfield>
            <subfield code="z">Memoria (spa)</subfield>
        </datafield>
        <datafield tag="909" ind1="C" ind2="O">
            <subfield code="o">oai:zaguan.unizar.es:31475</subfield>
            <subfield code="p">driver</subfield>
            <subfield code="p">trabajos-fin-grado</subfield>
        </datafield>
        <datafield tag="950" ind1=" " ind2=" ">
            <subfield code="a"></subfield>
        </datafield>
        <datafield tag="951" ind1=" " ind2=" ">
            <subfield code="a">deposita:2015-04-28</subfield>
        </datafield>
        <datafield tag="980" ind1=" " ind2=" ">
            <subfield code="a">TAZ</subfield>
            <subfield code="b">TFG</subfield>
            <subfield code="c">EINA</subfield>
        </datafield>
    </record>

    
</collection>